00713 2200205 4500001002100000005001700021008004100038035002400079040001200103082001600115090002300131100003500154245011300189260011800302300001900420650003200439850001200471990001200483990001200495YOGYA-0209000006169120090227035944.0 ind  0010-020900000061691 aYOPDYOG a899.2113102 a899.2113102bMar T aMARAPI, Mangaraja Gunung Sorik aTuri-turian ni raja gorga di langit dohot raja suasa di Portibicdisadur oleh, Mangaraja Gunung Sorik Marapi aJakartabDepartemen Pendidikan dan Kebudayaan Proyek Penerbitan Buku Bacaan dan Sastra Indonesia dan Daerahc1979 a148 hlmc21 cm aKesusastraan Batak - Cerita aYOPDYOG a59560-a a59560-a